Statystyki dla Państwa z największą liczbą użytkowników internetu

Kliknij tutaj aby rozwiązać quiz!

Ogólne statystyki

  • Ten quiz został rozwiązany 15 razy
  • Średni wynik to 9 z 12

Statystyki odpowiedzi

HintOdpowiedź% Poprawnych
1Chiny
100%
2Indie
100%
3Usa
100%
4Brazylia
93%
10Niemcy
93%
7Rosja
86%
12Wielka Brytania
71%
6Japonia
64%
11Meksyk
64%
5Indonezja
50%
9Bangladesz
43%
8Nigeria
43%

Rozkład punktacji

Percentyl według liczby udzielonych odpowiedzi

Procent ludzi z każdym wynikiem

Twoja historia wyników

Nie rozwiązałeś tego quizu